000 00451 a2200145 4500
999 _c1760
_d1760
020 _a9781847428790
050 _aHM 671 DOR 2012
100 _dDorling, Daniel
_eauthor
245 _aFair play :
_b a Daniel Dorling reader on social justice /
_cDaniel Dorling
264 _aBristol :
_bPolicy Press,
_c2012
300 _axiv,397p.
_bill .(col.)
500 _aincludes index and bibliography
650 _aSocial justice
942 _2lcc
_cBK
_h671
_iDOR
_kHM